STN ISO 776: 1996 (50 0256), Buničiny. Stanovenie popola nerozpustného v kyseline

Bibliographic Details
Other Authors: Balážová, Oľga (Translator)
Format: Book
Language:Slovak
English
PhysicalDescription:8 s. 30 cm
Published: Bratislava Slovenský ústav technickej normalizácie 1996
Subjects:

MARC

LEADER 00000nam a2200000 a 4500
001 vtls009144806
003 SK-MaSNL
005 20260301023529.0
008 130117s1996 xo f u 000 0 slo
015 |a SNBN2013 
020 |c (cen. skup. 8) 
040 |a SNK  |b slo  |c SNK  |e AACR2 
041 1 |a slo  |h eng 
044 |a xo  |c SK 
046 |a s  |m 199608 (účin.) 
072 7 |a 674  |x Drevo. Drevársky priemysel  |2 konspekt 
080 |a 674  |2 2001 
080 |a (437.6+4)  |2 2001 
080 |a (083)  |2 2001 
084 |a 85.040  |2 ICS 
084 |a 71.040.40  |2 ICS 
130 0 |a STN 50 0256 (STN ISO 776)  |9 316031 
245 1 0 |a STN ISO 776: 1996 (50 0256), Buničiny. Stanovenie popola nerozpustného v kyseline 
246 1 0 |a Buničiny 
246 1 0 |a Stanovenie popola nerozpustného v kyseline 
260 |a Bratislava  |b Slovenský ústav technickej normalizácie  |c 1996 
300 |a 8 s.  |c 30 cm 
500 |a Spracovateľ: Oľga Balážová. Technická komisia: TNK 19 Buničiny, papiere, lepenky a obaly 
500 |a Táto norma nahrádza STN 50 0256 z 25. 3. 1970 v celom rozsahu 
500 |a Táto norma obsahuje ISO 776: 1982 
540 |a Normy sa podľa zákona č. 264/1999 Z. z. nesmú kopírovať 
650 0 7 |a technické normy a štandardy  |z Slovensko  |2 SNKPH  |9 79594 
650 0 7 |a technické normy a štandardy  |z krajiny Európskej únie  |2 SNKPH  |9 289341 
650 0 7 |a buničina  |2 SNKPH  |9 22567 
650 0 7 |a popol  |2 SNKPH  |9 229810 
650 0 7 |a stanovenie  |2 SNKPH  |9 316032 
655 7 |a normy  |2 SNKPH  |9 70643 
700 1 |a Balážová, Oľga  |4 trl  |9 278927 
710 2 |a Slovenský ústav technickej normalizácie (Bratislava, Slovensko).  |b Technická komisia č. 19 Buničina, papier, lepenka a papierové obaly  |4 stn  |9 314499 
958 |a NB 
958 |a OP 
999 |c 569353  |d 571283 
952 |a SNK  |b SNK  |y PREZ  |7 0  |p 17A0564011  |o snkSTN ISO 776  |i snk2007/21226  |8 3  |g 4.38  |0 0  |1 0  |4 0  |d 2007-10-01  |l 0  |r 2026-02-23 14:10:30  |w 2026-02-23